春日部市(埼玉県)の駅 - Statistics

General Stats
  • This quiz has been taken 12 times
  • The average score is 6 of 8
Answer Stats
Answer % Correct
春日部
100%
北春日部
100%
藤の牛島
89%
一ノ割
78%
豊春
67%
武里
56%
八木崎
56%
南桜井
56%
No matching quizzes found
Score Distribution
Percent of People with Each Score
Percentile by Number Answered
Your Score History
You have not taken this quiz